Statistics for Countries by a Single Clue

Click here to take the quiz!

General Stats

  • This quiz has been taken 22 times
  • The average score is 9 of 15

Answer Stats

ClueAnswer% Correct
Was against the UK in the Faukland WarArgentina
90%
Owns the Galapagos IslandsEcuador
90%
Considered to be the superpower of the 20th CenturyUSA
81%
With the northern region of ManchuriaChina
76%
Has an "_ollywood" industryNigeria
76%
Recent military coup (2021)Myanmar
67%
Was against the UK in the Cod WarsIceland
62%
Only country to cross all hemispheresKiribati
62%
Capital shares same name with a vegetableBelgium
48%
Had the deadliest sniper with highest confirmed killsFinland
48%
Experienced a miracle economic boom in the 1950'sJapan
48%
Has the disputed region of TransnistriaRomania
48%
African country owned by previous answerDemocratic Republic of the Congo
43%
Has the highest number of Greeks outside of GreeceAustralia
24%
Where the Kokoda trail is locatedPapua New Guinea
14%

Score Distribution

Percentile by Number Answered

Percent of People with Each Score

Your Score History

You have not taken this quiz